The principles of chemical equilibrium : (Record no. 6657)

MARC details
000 -LEADER
fixed length control field 01116pam a2200301 i 4500
001 - CONTROL NUMBER
control field 883419
003 - CONTROL NUMBER IDENTIFIER
control field OSt
005 - DATE AND TIME OF LATEST TRANSACTION
control field 20200224101226.0
008 - FIXED-LENGTH DATA ELEMENTS--GENERAL INFORMATION
fixed length control field 800917s1981 enka 001 0 eng
010 ## - LIBRARY OF CONGRESS CONTROL NUMBER
LC control number 80040925
015 ## - NATIONAL BIBLIOGRAPHY NUMBER
National bibliography number GB81
020 ## - INTERNATIONAL STANDARD BOOK NUMBER
International Standard Book Number 0521236827
020 ## - INTERNATIONAL STANDARD BOOK NUMBER
International Standard Book Number 0521281504 (pbk.)
040 ## - CATALOGING SOURCE
Original cataloging agency DLC
Transcribing agency DLC
Modifying agency DLC
082 00 - DEWEY DECIMAL CLASSIFICATION NUMBER
Classification number 541.2
Edition number 19
Item number KEN 1981
100 1# - MAIN ENTRY--PERSONAL NAME
Personal name Denbigh, Kenneth George.
9 (RLIN) 13700
245 14 - TITLE STATEMENT
Title The principles of chemical equilibrium :
Remainder of title with applications in chemistry and chemical engineering /
Statement of responsibility, etc. by Kenneth Denbigh.
250 ## - EDITION STATEMENT
Edition statement 4th ed.
260 ## - PUBLICATION, DISTRIBUTION, ETC. (IMPRINT)
Place of publication, distribution, etc. Cambridge [Eng.] ;
-- New York :
Name of publisher, distributor, etc. Cambridge University Press,
Date of publication, distribution, etc. 1981.
300 ## - PHYSICAL DESCRIPTION
Extent xxi, 494 p. :
Other physical details ill. ;
Dimensions 23 cm.
500 ## - GENERAL NOTE
General note Includes index.
650 #0 - SUBJECT ADDED ENTRY--TOPICAL TERM
Topical term or geographic name as entry element Chemical equilibrium.
9 (RLIN) 13701
856 41 - ELECTRONIC LOCATION AND ACCESS
Materials specified Sample text
Uniform Resource Identifier http://www.loc.gov/catdir/samples/cam031/80040925.html
856 42 - ELECTRONIC LOCATION AND ACCESS
Materials specified Publisher description
Uniform Resource Identifier http://www.loc.gov/catdir/description/cam022/80040925.html
856 41 - ELECTRONIC LOCATION AND ACCESS
Materials specified Table of contents
Uniform Resource Identifier http://www.loc.gov/catdir/toc/cam028/80040925.html
906 ## - LOCAL DATA ELEMENT F, LDF (RLIN)
a 7
b cbc
c orignew
d u
e ocip
f 19
g y-gencatlg
942 ## - ADDED ENTRY ELEMENTS (KOHA)
Source of classification or shelving scheme Dewey Decimal Classification
Koha item type Open Shelf
Holdings
Withdrawn status Lost status Source of classification or shelving scheme Damaged status Not for loan Home library Current library Date acquired Source of acquisition Inventory number Total Checkouts Full call number Barcode Date last seen Price effective from Koha item type
    Dewey Decimal Classification     MUST Main Library MUST Main Library 24/02/2020 Donation 2002/16941   541.2 KEN 1981 2020-0549 24/02/2020 24/02/2020 Open Shelf
    Dewey Decimal Classification     MUST Main Library MUST Main Library 30/03/2021   03/18663   541.2 KEN 1981 2021-0343 30/03/2021 30/03/2021 Open Shelf